Normal view MARC view

Entry Personal Name

Number of records used in: 1

001 - CONTROL NUMBER

  • control field: 9157

003 - CONTROL NUMBER IDENTIFIER

  • control field: DLC

005 - DATE AND TIME OF LATEST TRANSACTION

  • control field: 20221003145025.0

008 - FIXED-LENGTH DATA ELEMENTS

  • fixed length control field: 860324n| acannaab| |a aaa |||

010 ## - LIBRARY OF CONGRESS CONTROL NUMBER

  • LC control number: n 85135577

040 ## - CATALOGING SOURCE

  • Original cataloging agency: DLC
  • Transcribing agency: DLC
  • Modifying agency: DLC

100 10 - HEADING--PERSONAL NAME

  • Personal name: Stewart, Graham G.,
  • Dates associated with a name: 1942-

400 10 - SEE FROM TRACING--PERSONAL NAME

  • Personal name: Stewart, G. G.
  • Fuller form of name: (Graham G.),
  • Dates associated with a name: 1942-

670 ## - SOURCE DATA FOUND

  • Source citation: His Thermophilic microbes in ethanol production, 1987:
  • Information found: CIP t.p. (Graham G. Stewart; Production Res. Dept., Labatt Brewing Co., Ltd., London, Ont., Canada) data sheet (b. 3/22/42)

670 ## - SOURCE DATA FOUND

  • Source citation: Yeast biotechnology, 1987:
  • Information found: CIP t.p. (G.G. Stewart)

Powered by Koha